Система комбинированного управления электроприводом УРВ-Д; Тезисы докладов четвертой научно-технической конференции по вопросам автоматизации производства (13-16 мая 1963 г.)

מידע ביבליוגרפי
Parent link:Тезисы докладов четвертой научно-технической конференции по вопросам автоматизации производства (13-16 мая 1963 г.).— 1965.— С. 8
מחבר ראשי: Храмогин В. Т.
מחברים אחרים: Авраамов И. С.
שפה:רוסית
יצא לאור: 1965
נושאים:
פורמט: MixedMaterials Book Chapter
KOHA link:https://koha.lib.tpu.ru/cgi-bin/koha/opac-detail.pl?biblionumber=592540

MARC

LEADER 00000naa0a2200000 4500
001 592540
005 20250829131949.0
035 |a (RuTPU)RU\TPU\tpu\4746 
090 |a 592540 
100 |a 20011210d1965 k||y0rusy50 ca 
101 0 |a rus 
102 |a RU 
200 1 |a Система комбинированного управления электроприводом УРВ-Д  |f В. Т. Храмогин, И. С. Авраамов 
463 1 |t Тезисы докладов четвертой научно-технической конференции по вопросам автоматизации производства (13-16 мая 1963 г.)  |v С. 8  |d 1965 
610 1 |a электрические машины 
610 1 |a труды учёных ТПУ 
610 1 |a электропривод 
700 1 |a Храмогин  |b В. Т. 
701 1 |a Авраамов  |b И. С. 
801 0 |a RU  |b 63413507  |c 20011210  |g PSBO 
801 2 |a RU  |b 63413507  |c 20080123  |g PSBO 
942 |c BK